| 000 | 00652cam a2200181Ia 4500 | ||
|---|---|---|---|
| 020 | _a0333655494 | ||
| 040 | _cEUN | ||
| 082 | _a944 MAC 1996 A102 Or. | ||
| 100 | 1 | _aHorne, Alistair | |
| 245 | 1 | 0 |
_aHow far from Austerlitz? : _bNapoleon 1805-1815 / |
| 246 | 3 | 0 | _aNapoleon 1805-1815 |
| 260 |
_aLondon : _bMacmillan, _c1996 |
||
| 300 |
_axxvi, 429 p., [8] p. of plates : _bill., maps ; _c24 cm |
||
| 500 | _aMaps on lining papers | ||
| 500 | _a"Parts of this book were originally published 1979 by William Morrow and Company Inc., New York, as: Napoleon, master of Europe 1805-1807"--T.p. verso | ||
| 650 | 0 | _aNapoleonic Wars, 1800-1815 | |
| 942 | _cEK | ||
| 999 |
_c13671 _d13671 |
||